000 00371nam a2200133 i 4500
001 bg
245 0 _aChemia i technologia środków powierzchniowo czynnych :
_bII Konferencja Naukowa Karpacz, 20-21 września 1974.
260 _aWrocław,
_c1974.
040 _cBPK
041 _apol
080 _a661.(061.3)
942 _cKS
008 s pl f |000 0 pol
999 _c26568
_d26568
856 _uhttp://koha.tu.koszalin.pl/cgi-bin/koha/opac-detail.pl?biblionumber=26568
_yKatalog online BPK